Riconosci il Pokémon - Quiz n°615 - Statistics

Statistiche generali
  • Questo quiz è stato fatto 2 volte
  • Il punteggio medio è 10 su 10
Statistiche sulle risposte
Indizio Riposta % Corretto
Altezza 0,7 m
100%
Peso 15,2 kg
100%
Tasso di cattura 180 (33.8%)
100%
Sesso 50% ♂, 50% ♀
100%
Stadio evoluzione Forma Base
100%
Tasso di allevamento Medio-Lento
100%
Abilità Prepotenza; Arroganza; Grancollera
100%
Generazione Quinta
100%
Pokémon Sandile
100%
Tipo Terra / Buio
100%
Nessun quiz corrispondente trovato
Distribuzione punteggi
Percentuale di utenti per punteggio
Percentile per numero di risposta
I tuoi punteggi nel tempo
Non hai fatto questo quiz